000
00340nam a2200145Ia 4500
008
150201s1999 xx 000 0 und d
082
_a
D1999H
_b
D1999H
100
_a
HENRY
245
_a
DENTAL CATALOUGE
250
_a
1ST
260
_b
HENERY PUBLICATION
_a
DELHI
_c
1999
300
_a
1-120
650
_a
GENERAL DENTISTRY
942
_2
ddc
_c
BK
999
_c
4216
_d
4216